[Event "2 Bundesliga Mitte 2007/2008"]
[Site "Fuerstenfeld"]
[Date "2008.04.05"]
[Round "10"]
[Board "2"]
[White "Kuba, Guenter"]
[Black "Rumpl, Erwin"]
[Result "1-0"]
[WhiteElo "2396"]
[BlackElo "2333"]
[PlyCount "73"]
[EventDate "2007.10.13"]
[EventType "team"]
[EventRounds "11"]
[EventCountry "AUT"]
[WhiteTeam "SK Sparkasse Fuerstenfeld"]
[BlackTeam "SC Ansfelden 2"]

1.e4 g6 2.d4 Bg7 3.Nc3 d6 4.Be3 a6 5.Qd2 b5 6.Bd3 Nd7 7.Nce2 c5 8.c3 cxd4 9.cxd4
Nb6 10.b3 Nf6 11.f3 O-O 12.h4 e5 13.Rc1 Ra7 14.Rc6 Rb7 15.h5 Bd7 16.Rc2 Rc7
17.dxe5 Rxc2 18.Bxc2 dxe5 19.h6 Bh8 20.Qd6 Nc8 21.Qxa6 Ne7 22.Bc5 Qc8 23.Qd6 Re8
24.Nc3 Nc6 25.Nge2 Bh3 26.Nd5 Re6 27.Qc7 Qxc7 28.Nxc7 Bxg2 29.Rh2 Bxf3 30.Nxe6
fxe6 31.Rf2 Bxe2 32.Kxe2 Nd4+ 33.Kd1 Nd7 34.Be7 Nc6 35.Bd6 Bf6 36.Bd3 Nd4
37.Rxf6

[Event "2 Bundesliga Mitte 2007/2008"]
[Site "Fuerstenfeld"]
[Date "2008.04.05"]
[Round "10"]
[Board "5"]
[White "Mittermayr, Gerhard"]
[Black "Radnetter, Georg"]
[Result "1-0"]
[WhiteElo "2129"]
[BlackElo "2106"]
[PlyCount "47"]
[EventDate "2007.10.13"]
[EventType "team"]
[EventRounds "11"]
[EventCountry "AUT"]
[WhiteTeam "SC Ansfelden 2"]
[BlackTeam "SK Sparkasse Fuerstenfeld"]

1.e4 c5 2.Nf3 e6 3.d4 cxd4 4.Nxd4 a6 5.c4 Bc5 6.Be3 d6 7.Nc3 Nf6 8.e5 dxe5
9.Nxe6 Qxd1+ 10.Rxd1 Bxe6 11.Bxc5 Nbd7 12.Bb4 b6 13.Be2 Rc8 14.b3 Nc5 15.Rd6
Ncd7 16.Bf3 Rb8 17.Rc6 Kd8 18.O-O Rc8 19.Rd6 Kc7 20.Rfd1 Ne8 21.Rc6+ Kb8 22.Rxe6
fxe6 23.Rxd7 Rc7 24.Rd2

[Event "2 Bundesliga Mitte 2007/2008"]
[Site "Fuerstenfeld"]
[Date "2008.04.05"]
[Round "10"]
[Board "6"]
[White "Rabel, Christoph"]
[Black "Dumancic, Pero"]
[Result "1-0"]
[WhiteElo "2149"]
[BlackElo "2175"]
[PlyCount "113"]
[EventDate "2007.10.13"]
[EventType "team"]
[EventRounds "11"]
[EventCountry "AUT"]
[WhiteTeam "SK Sparkasse Fuerstenfeld"]
[BlackTeam "SC Ansfelden 2"]

1.Nc3 Nf6 2.f4 d5 3.e3 Nc6 4.Nf3 a6 5.d4 Bf5 6.Bd3 e6 7.a3 Na7 8.O-O c5 9.Ne5 h5
10.Bxf5 exf5 11.Qd3 g6 12.dxc5 Bxc5 13.Rd1 Nc6 14.Nxd5 Nxe5 15.fxe5 Nxd5 16.Qxd5
Qxd5 17.Rxd5 Rc8 18.c4 Ba7 19.b3 Ke7 20.Kf1 Rhd8 21.e4 Rxd5 22.exd5 Bd4 23.Bg5+
f6 24.exf6+ Bxf6 25.Re1+ Kf7 26.Bxf6 Kxf6 27.Re6+ Kf7 28.Rb6 Rc7 29.Kf2 Re7
30.Kf3 Kg7 31.a4 h4 32.a5 Kh6 33.d6 Rd7 34.c5 Kg5 35.Rb4 h3 36.g4 fxg4+ 37.Rxg4+
Kf5 38.Re4 Kf6 39.Kg4 Rh7 40.Re3 Rh5 41.Rd3 Rh8 42.Rxh3 Rc8 43.b4 Re8 44.Rf3+
Kg7 45.Rd3 Kf7 46.d7 Rd8 47.Kg5 Ke7 48.h4 Kf7 49.Rd6 Ke7 50.Kxg6 Rg8+ 51.Kh7 Rd8
52.Kg7 Rxd7 53.Rxd7+ Kxd7 54.h5 Kc6 55.h6 Kb5 56.h7 Kxb4 57.h8=Q

[Event "2 Bundesliga Mitte 2007/2008"]
[Site "Fuerstenfeld"]
[Date "2008.04.05"]
[Round "10"]
[Board "1"]
[White "Horvath, Peter"]
[Black "Srienz, Christian"]
[Result "1-0"]
[WhiteElo "2469"]
[BlackElo "2214"]
[PlyCount "113"]
[EventDate "2007.10.13"]
[EventType "team"]
[EventRounds "11"]
[EventCountry "AUT"]
[WhiteTeam "SK Leoben"]
[BlackTeam "ESV ASKOE Admira Villach"]

1.d4 g6 2.c4 Bg7 3.g3 Nf6 4.Bg2 c6 5.e4 d5 6.e5 Nfd7 7.cxd5 cxd5 8.Bxd5 Nb6
9.Bg2 Nc6 10.Ne2 Bg4 11.Nbc3 O-O 12.h3 Bf5 13.O-O h5 14.b3 Qc8 15.f4 Bxh3 16.Be3
Rd8 17.Rc1 Bxg2 18.Kxg2 Qf5 19.Qc2 Qxc2 20.Rxc2 Nb4 21.Rcc1 Rac8 22.Kf3 N6d5
23.Nxd5 Nxd5 24.Rc4 Rc7 25.Rxc7 Nxc7 26.Rc1 Nd5 27.Rc4 e6 28.Nc3 Bf8 29.Nxd5
Rxd5 30.Rc7 Rb5 31.g4 hxg4+ 32.Kxg4 Ba3 33.Bf2 Bf8 34.Kf3 a5 35.Bh4 Bg7 36.Be7
b6 37.Ke4 Kh7 38.Rb7 g5 39.fxg5 Kg6 40.Bc5 Kxg5 41.Rxb6 Rxb6 42.Bxb6 f5+ 43.exf6
Kxf6 44.Bxa5 Ke7 45.Bc7 Kd7 46.Be5 Bf8 47.Kd3 Kc6 48.Kc4 Ba3 49.b4 Bc1 50.a4 Bd2
51.a5 Be1 52.Bf4 Bh4 53.b5+ Kb7 54.Kc5 Be7+ 55.Bd6 Bf6 56.a6+ Ka7 57.Kc6

[Event "2 Bundesliga Mitte 2007/2008"]
[Site "Fuerstenfeld"]
[Date "2008.04.05"]
[Round "10"]
[Board "2"]
[White "Hafner, Robert"]
[Black "Bokros, Albert"]
[Result "0-1"]
[WhiteElo "2132"]
[BlackElo "2445"]
[PlyCount "126"]
[EventDate "2007.10.13"]
[EventType "team"]
[EventRounds "11"]
[EventCountry "AUT"]
[WhiteTeam "ESV ASKOE Admira Villach"]
[BlackTeam "SK Leoben"]

1.d4 e6 2.c4 b6 3.Nc3 Bb7 4.Nf3 f5 5.e3 Nf6 6.Be2 Bb4 7.Bd2 O-O 8.O-O Qe7 9.a3
Bxc3 10.Bxc3 Ne4 11.Qc2 d6 12.b4 Nd7 13.Bb2 Rae8 14.Rac1 Ng5 15.Nxg5 Qxg5 16.g3
Nf6 17.d5 Ne4 18.Bf3 Re7 19.Rfd1 Qg6 20.Bg2 exd5 21.cxd5 Qh5 22.Rd4 Ng5 23.Qd1
Qf7 24.Rdc4 Ba6 25.Rd4 Ne4 26.Qa4 Bb7 27.Qd1 Rfe8 28.Qd3 Qh5 29.Qd1 Qh6 30.Bxe4
fxe4 31.Rdc4 Rc8 32.Qg4 Qg6 33.Qxg6 hxg6 34.Rd1 Ba6 35.Rc6 Bb5 36.Rcc1 g5 37.h3
Kf7 38.Kg2 Rh8 39.Rh1 Be2 40.Rhe1 Bf3+ 41.Kh2 g4 42.h4 Rh5 43.Rc6 Rxd5 44.Rec1
Ke6 45.Bd4 Rxd4 46.exd4 e3 47.fxe3 Bxc6 48.Rxc6 Kd5 49.Rc3 Ke4 50.Kg2 Rf7 51.b5
g6 52.a4 Kd5 53.Rc2 a6 54.Rc3 axb5 55.axb5 Ke4 56.d5 Kxd5 57.Rd3+ Kc4 58.Rd4+
Kxb5 59.Rxg4 Rf6 60.Re4 c5 61.Kh3 c4 62.Kg4 c3 63.Re8 Rf5

[Event "2 Bundesliga Mitte 2007/2008"]
[Site "Fuerstenfeld"]
[Date "2008.04.05"]
[Round "10"]
[Board "3"]
[White "Dietmayer Kraeutler, Marco"]
[Black "Frank, Paul"]
[Result "1/2-1/2"]
[WhiteElo "2325"]
[BlackElo "2201"]
[PlyCount "61"]
[EventDate "2007.10.13"]
[EventType "team"]
[EventRounds "11"]
[EventCountry "AUT"]
[WhiteTeam "SK Leoben"]
[BlackTeam "ESV ASKOE Admira Villach"]

1.d4 Nf6 2.c4 g6 3.Nc3 d5 4.cxd5 Nxd5 5.e4 Nxc3 6.bxc3 Bg7 7.Bc4 O-O 8.Ne2 c5
9.O-O Nc6 10.Be3 cxd4 11.cxd4 Bd7 12.Qd2 Qa5 13.Rab1 Qxd2 14.Bxd2 Nxd4 15.Rxb7
Bc6 16.Rxe7 Nxe2+ 17.Bxe2 Bf6 18.Rc7 Bxe4 19.Bc4 Bd8 20.Rd7 Bf5 21.Rb7 Be4
22.Rb4 Ba5 23.Rb2 Bxd2 24.Rxd2 Rfd8 25.Rxd8+ Rxd8 26.Re1 Rd4 27.Bb3 Kg7 28.f3
Bd5 29.Re7 Bxb3 30.axb3 Rb4 31.Rxa7

[Event "2 Bundesliga Mitte 2007/2008"]
[Site "Fuerstenfeld"]
[Date "2008.04.05"]
[Round "10"]
[Board "4"]
[White "Neff, Gregor"]
[Black "Benda, Herbert"]
[Result "1/2-1/2"]
[WhiteElo "2136"]
[BlackElo "2274"]
[PlyCount "144"]
[EventDate "2007.10.13"]
[EventType "team"]
[EventRounds "11"]
[EventCountry "AUT"]
[WhiteTeam "ESV ASKOE Admira Villach"]
[BlackTeam "SK Leoben"]

1.c4 c6 2.e4 d5 3.exd5 cxd5 4.d4 Nf6 5.Nc3 e6 6.Nf3 Be7 7.Bg5 O-O 8.Bd3 Nc6 9.a3
a6 10.c5 Ne8 11.Bxe7 Qxe7 12.O-O Qf6 13.Re1 Qf4 14.b4 g6 15.Ne2 Qh6 16.Rb1 Nf6
17.a4 e5 18.dxe5 Ng4 19.Nc3 Ncxe5 20.Rxe5 Nxe5 21.Nxe5 Qf4 22.Nf3 Rd8 23.Ne2 Qf6
24.Ned4 Re8 25.Qd2 Bd7 26.Bc2 Rac8 27.h3 b6 28.cxb6 Qxb6 29.Bb3 Re7 30.Qg5 Re4
31.Qxd5 Re7 32.Ne5 Be8 33.Ndf3 Kg7 34.Bd1 Rec7 35.Qd2 Rc3 36.Ng4 f5 37.Ne3 Bf7
38.Nd5 Bxd5 39.Qxd5 Rc1 40.Rxc1 Rxc1 41.Qd7+ Kf6 42.Kh2 Qxb4 43.Qd8+ Kg7 44.Qd7+
Kf6 45.Be2 Ra1 46.Qd8+ Kg7 47.Nd4 Rxa4 48.Ne6+ Kf7 49.Ng5+ Kg7 50.Qd7+ Kf6
51.Nxh7+ Ke5 52.Qe8+ Kd4 53.Qxg6 Qb8+ 54.g3 Ra2 55.Qg7+ Qe5 56.Qd7+ Qd5 57.Qxd5+
Kxd5 58.Bf3+ Ke5 59.Kg2 a5 60.Bc6 a4 61.Bxa4 Rxa4 62.h4 Ra7 63.Ng5 Kf6 64.Nh3
Ra2 65.Nf4 Rb2 66.Kf3 Rb3+ 67.Ke2 Rb1 68.Nd3 Ra1 69.Ke3 Ra4 70.f3 Rc4 71.Nf4
Rc3+ 72.Nd3 Rc4

[Event "2 Bundesliga Mitte 2007/2008"]
[Site "Fuerstenfeld"]
[Date "2008.04.05"]
[Round "10"]
[Board "6"]
[White "Hartl, Daniel"]
[Black "Sandner, Wolfgang"]
[Result "1/2-1/2"]
[WhiteElo "2063"]
[BlackElo "2225"]
[PlyCount "47"]
[EventDate "2007.10.13"]
[EventType "team"]
[EventRounds "11"]
[EventCountry "AUT"]
[WhiteTeam "ESV ASKOE Admira Villach"]
[BlackTeam "SK Leoben"]

1.e4 c5 2.Nf3 d6 3.d4 cxd4 4.Nxd4 Nf6 5.Nc3 g6 6.Be3 Bg7 7.f3 O-O 8.Qd2 Nc6
9.O-O-O Nxd4 10.Bxd4 Be6 11.h4 Qa5 12.Kb1 Rfc8 13.Nd5 Qxd2 14.Nxf6+ Bxf6 15.Rxd2
Bxd4 16.Rxd4 Rc5 17.Be2 Rac8 18.c3 h6 19.g4 g5 20.a3 Kg7 21.Kc2 Kf6 22.Kd2 Bd7
23.Ke3 R8c7 24.Rd2

[Event "2 Bundesliga Mitte 2007/2008"]
[Site "Fuerstenfeld"]
[Date "2008.04.05"]
[Round "10"]
[Board "1"]
[White "Sommerbauer, Norbert"]
[Black "Kozul, Zdenko"]
[Result "1/2-1/2"]
[WhiteElo "2474"]
[BlackElo "2609"]
[PlyCount "29"]
[EventDate "2007.10.13"]
[EventType "team"]
[EventRounds "11"]
[EventCountry "AUT"]
[WhiteTeam "SpG VOecklabruck"]
[BlackTeam "ZH Technologies Wolfsberg"]

1.Nf3 Nf6 2.c4 g6 3.Nc3 Bg7 4.e4 d6 5.d4 O-O 6.h3 Na6 7.g3 c5 8.Bg2 cxd4 9.Nxd4
Bd7 10.Be3 Qc8 11.b3 Nc7 12.Rc1 Re8 13.Nd5 Nfxd5 14.cxd5 Qd8 15.O-O

[Event "2 Bundesliga Mitte 2007/2008"]
[Site "Fuerstenfeld"]
[Date "2008.04.05"]
[Round "10"]
[Board "2"]
[White "Stevic, Hrvoje"]
[Black "Hirneise, Tobias"]
[Result "1/2-1/2"]
[WhiteElo "2531"]
[BlackElo "2287"]
[PlyCount "40"]
[EventDate "2007.10.13"]
[EventType "team"]
[EventRounds "11"]
[EventCountry "AUT"]
[WhiteTeam "ZH Technologies Wolfsberg"]
[BlackTeam "SpG VOecklabruck"]

1.e4 e5 2.Nf3 Nc6 3.Bb5 Nd4 4.Nxd4 exd4 5.O-O Bc5 6.d3 c6 7.Bc4 d5 8.exd5 cxd5
9.Bb5+ Bd7 10.c4 dxc3 11.Qe1+ Be7 12.Bxd7+ Qxd7 13.bxc3 O-O-O 14.Be3 Kb8 15.Nd2
Bd6 16.Nb3 Ne7 17.Nd4 Nf5 18.Nxf5 Qxf5 19.Qd2 Rc8 20.Rfe1 Rc6

[Event "2 Bundesliga Mitte 2007/2008"]
[Site "Fuerstenfeld"]
[Date "2008.04.05"]
[Round "10"]
[Board "3"]
[White "Ennsberger, Ulrich"]
[Black "Wegerer, Fred"]
[Result "0-1"]
[WhiteElo "2284"]
[BlackElo "2266"]
[PlyCount "134"]
[EventDate "2007.10.13"]
[EventType "team"]
[EventRounds "11"]
[EventCountry "AUT"]
[WhiteTeam "SpG VOecklabruck"]
[BlackTeam "ZH Technologies Wolfsberg"]

1.e4 c5 2.Nf3 e6 3.Nc3 a6 4.d4 cxd4 5.Nxd4 Qc7 6.a4 Nf6 7.Bd3 Bc5 8.Be3 b6 9.Qe2
Bb7 10.O-O Nc6 11.Nxc6 Qxc6 12.f4 O-O 13.Bxc5 Qxc5+ 14.Kh1 Ne8 15.Rad1 Qb4
16.Qe3 Bc6 17.Qh3 g6 18.Rb1 f5 19.e5 Ng7 20.Qe3 b5 21.axb5 axb5 22.Ne2 Rfb8
23.Nd4 Bd5 24.c3 Qa5 25.Qe2 b4 26.c4 Bb7 27.Nb5 Bc6 28.Rfc1 Qd8 29.Kg1 g5 30.Qd2
gxf4 31.Qxf4 Kh8 32.Nd6 Qe7 33.Re1 Rg8 34.Qh4 Rae8 35.Qf6 Rgf8 36.Qh6 Ra8 37.Re3
Ne8 38.Rg3 Nxd6 39.exd6 Qf6 40.Qxf6+ Rxf6 41.Be2 e5 42.c5 f4 43.Rg5 e4 44.Bc4 f3
45.gxf3 exf3 46.Kf2 Rh6 47.Kg3 Rf8 48.Rf1 Rg6 49.Rxg6 hxg6 50.Rc1 Rf5 51.Bd3
Rg5+ 52.Kf4 Rh5 53.Kg3 Kg7 54.Bf1 Rg5+ 55.Kf2 Rd5 56.Ke3 Rh5 57.h3 Re5+ 58.Kf2
Kf6 59.Rc4 g5 60.Rxb4 Rxc5 61.Bd3 Ke5 62.Rg4 Kxd6 63.b4 Re5 64.b5 Bxb5 65.Rd4+
Kc5 66.Re4 Rxe4 67.Bxe4 Be2

[Event "2 Bundesliga Mitte 2007/2008"]
[Site "Fuerstenfeld"]
[Date "2008.04.05"]
[Round "10"]
[Board "5"]
[White "Gneiss, Karl"]
[Black "Toefferl, Heimo"]
[Result "1/2-1/2"]
[WhiteElo "2119"]
[BlackElo "2135"]
[PlyCount "24"]
[EventDate "2007.10.13"]
[EventType "team"]
[EventRounds "11"]
[EventCountry "AUT"]
[WhiteTeam "SpG VOecklabruck"]
[BlackTeam "ZH Technologies Wolfsberg"]

1.d4 e6 2.Nf3 d5 3.c4 c6 4.e3 Bd6 5.Nc3 f5 6.Bd3 Ne7 7.O-O O-O 8.Rb1 Bd7 9.b4
Be8 10.Ne5 Nd7 11.f4 Nf6 12.Bd2 Bh5

[Event "2 Bundesliga Mitte 2007/2008"]
[Site "Fuerstenfeld"]
[Date "2008.04.05"]
[Round "10"]
[Board "6"]
[White "Sternat, Roland"]
[Black "Gruber, Gernot"]
[Result "1-0"]
[WhiteElo "2126"]
[BlackElo "2084"]
[PlyCount "77"]
[EventDate "2007.10.13"]
[EventType "team"]
[EventRounds "11"]
[EventCountry "AUT"]
[WhiteTeam "ZH Technologies Wolfsberg"]
[BlackTeam "SpG VOecklabruck"]

1.d4 e6 2.Nf3 d5 3.Bf4 Bd6 4.e3 Bxf4 5.exf4 Ne7 6.Bd3 b6 7.c3 a5 8.Ne5 Ng6
9.Bb5+ Bd7 10.Nxd7 Nxd7 11.g3 O-O 12.O-O Nf6 13.Nd2 c5 14.Nf3 Ne4 15.Re1 c4
16.Ba4 b5 17.Bc2 Nd6 18.Ng5 Nf5 19.Qh5 h6 20.Nxe6 fxe6 21.Qxg6 Rf6 22.Qh5 Qd6
23.a3 Raf8 24.Re5 Ne7 25.Rae1 Nc6 26.R5e3 b4 27.axb4 axb4 28.Qg4 b3 29.Bb1 Nd8
30.Re5 Kh8 31.h4 Qa6 32.Qe2 Qc6 33.h5 Qa6 34.f5 exf5 35.Rxd5 f4 36.Qe4 g6
37.hxg6 Qb7 38.Rxd8 Qxe4 39.Rxf8+

[Event "2 Bundesliga Mitte 2007/2008"]
[Site "Fuerstenfeld"]
[Date "2008.04.05"]
[Round "10"]
[Board "1"]
[White "Ertl, Johann"]
[Black "Diermair, Andreas"]
[Result "1/2-1/2"]
[WhiteElo "2234"]
[BlackElo "2363"]
[PlyCount "49"]
[EventDate "2007.10.13"]
[EventType "team"]
[EventRounds "11"]
[EventCountry "AUT"]
[WhiteTeam "Kl Zeitung MPOe Maria Saal"]
[BlackTeam "SV Frauental"]

1.e4 c6 2.Nc3 d5 3.Nf3 dxe4 4.Nxe4 Nf6 5.Nxf6+ gxf6 6.d4 Bg4 7.Be2 Qc7 8.g3 Nd7
9.Bf4 Qb6 10.Qd3 O-O-O 11.O-O-O Bg7 12.Nh4 Bxe2 13.Qxe2 e6 14.Qh5 f5 15.Qxf7
Bxd4 16.c3 Bxf2 17.Qxe6 Rhe8 18.Qxf5 Re2 19.Rd2 Be3 20.Bxe3 Qxe3 21.Qd3 Qxd3
22.Rxd3 Rf8 23.Rf3 Rxf3 24.Nxf3 Nc5 25.Ne1

[Event "2 Bundesliga Mitte 2007/2008"]
[Site "Fuerstenfeld"]
[Date "2008.04.05"]
[Round "10"]
[Board "2"]
[White "Cigan, Stefan"]
[Black "Horvath, Gabor"]
[Result "1-0"]
[WhiteElo "2367"]
[BlackElo "2292"]
[PlyCount "79"]
[EventDate "2007.10.13"]
[EventType "team"]
[EventRounds "11"]
[EventCountry "AUT"]
[WhiteTeam "SV Frauental"]
[BlackTeam "Kl Zeitung MPOe Maria Saal"]

1.e4 c5 2.Nf3 Nc6 3.d3 g6 4.g3 Bg7 5.Bg2 e5 6.c3 Nge7 7.O-O O-O 8.Re1 d6 9.a3 a5
10.a4 h6 11.Na3 Be6 12.Nb5 f5 13.exf5 gxf5 14.d4 e4 15.Bf1 Qd7 16.Nh4 cxd4
17.cxd4 Na7 18.Nxa7 Rxa7 19.Bb5 Qd8 20.d5 Bxd5 21.Ng6 Nxg6 22.Qxd5+ Kh7 23.Rd1
Ra8 24.Be3 Qe7 25.Qxd6 Qxd6 26.Rxd6 Ne5 27.Rb6 Rf7 28.Rd1 Rc8 29.Kg2 Ng4 30.Bf4
Rc2 31.Rd2 Rxd2 32.Bxd2 Nxf2 33.Kxf2 Bd4+ 34.Be3 Bxb6 35.Bxb6 f4 36.gxf4 Rxf4+
37.Ke3 Rh4 38.Bc7 Kg7 39.Be2 Kg6 40.Bg3

[Event "2 Bundesliga Mitte 2007/2008"]
[Site "Fuerstenfeld"]
[Date "2008.04.05"]
[Round "10"]
[Board "3"]
[White "Reschun, Sascha"]
[Black "Schnider, Gert"]
[Result "1/2-1/2"]
[WhiteElo "2272"]
[BlackElo "2273"]
[PlyCount "51"]
[EventDate "2007.10.13"]
[EventType "team"]
[EventRounds "11"]
[EventCountry "AUT"]
[WhiteTeam "Kl Zeitung MPOe Maria Saal"]
[BlackTeam "SV Frauental"]

1.e4 c6 2.Nf3 d5 3.exd5 cxd5 4.Ne5 Nc6 5.d4 Nf6 6.c3 Bf5 7.Bb5 Rc8 8.Bf4 Qb6
9.Qe2 a6 10.Ba4 Qa5 11.Qd1 e6 12.g4 Bg6 13.b4 Qd8 14.Bxc6+ bxc6 15.h4 Bxb1
16.Rxb1 Ne4 17.Qd3 f6 18.Nf3 Qb6 19.Nd2 Nxd2 20.Kxd2 Qb5 21.Qe3 Kd7 22.Rhe1 Re8
23.g5 Rg8 24.Qh3 Qc4 25.Rb2 Bd6 26.Bxd6

[Event "2 Bundesliga Mitte 2007/2008"]
[Site "Fuerstenfeld"]
[Date "2008.04.05"]
[Round "10"]
[Board "5"]
[White "Eichert, Wolfgang"]
[Black "Fauland, Peter"]
[Result "1/2-1/2"]
[WhiteElo "2147"]
[BlackElo "2222"]
[PlyCount "191"]
[EventDate "2007.10.13"]
[EventType "team"]
[EventRounds "11"]
[EventCountry "AUT"]
[WhiteTeam "Kl Zeitung MPOe Maria Saal"]
[BlackTeam "SV Frauental"]

1.e4 c5 2.c3 d5 3.exd5 Qxd5 4.d4 Nf6 5.Nf3 Nc6 6.Be3 cxd4 7.cxd4 e6 8.Nc3 Qd8
9.a3 Nd5 10.Bd3 Be7 11.O-O Bf6 12.Qe2 O-O 13.Rad1 g6 14.Bc4 Re8 15.Ne4 Bg7
16.Bg5 f6 17.Bh4 Nce7 18.Bb5 Rf8 19.Nc5 Nf4 20.Qe4 Ned5 21.Bc4 g5 22.Bg3 f5
23.Qc2 b6 24.Bxf4 Nxf4 25.Nd3 Nxd3 26.Rxd3 g4 27.Ne5 Qd6 28.Re1 Bb7 29.Qb3 Rae8
30.f4 gxf3 31.Nxf3 Be4 32.Rd2 Kh8 33.Ng5 Bh6 34.Qe3 Kg7 35.h4 Rf6 36.Qc3 Bxg5
37.hxg5 Rg6 38.Qe3 Rd8 39.Red1 Qc7 40.Be2 Qe7 41.Bc4 Bd5 42.Rc1 Rc8 43.Qe5+ Kf7
44.Rdc2 Qc7 45.Qxc7+ Rxc7 46.Bxd5 Rxc2 47.Rxc2 exd5 48.Rc7+ Ke6 49.Rxa7 Kd6
50.Rxh7 Rxg5 51.Rh6+ Kc7 52.Rf6 Rg4 53.Rxf5 Rxd4 54.b4 Kc6 55.Kf2 Rd2+ 56.Kg3
Kb5 57.Rf2 Rd3+ 58.Rf3 Kc4 59.Rxd3 Kxd3 60.a4 Kc4 61.a5 d4 62.axb6 d3 63.b7 d2
64.b8=Q d1=Q 65.Qf4+ Kb5 66.Qg4 Qe1+ 67.Kh2 Qf2 68.Kh3 Qf1 69.Kh4 Ka4 70.g3 Qh1+
71.Kg5 Qd5+ 72.Qf5 Qg8+ 73.Qg6 Qd8+ 74.Kh5 Qh8+ 75.Kg4 Qc8+ 76.Kh4 Qh8+ 77.Qh5
Qd8+ 78.Kh3 Qd7+ 79.g4 Kxb4 80.Qf5 Qd1 81.Qe4+ Kc5 82.Kh4 Qd8+ 83.g5 Qh8+ 84.Kg4
Kd6 85.Qb4+ Ke6 86.Qb6+ Ke7 87.Qc7+ Ke6 88.Qc6+ Ke7 89.Qe4+ Kf7 90.g6+ Kg7
91.Qe5+ Kg8 92.Qe6+ Kg7 93.Qf7+ Kh6 94.Qf5 Qd4+ 95.Kf3 Qd1+ 96.Kf4

[Event "2 Bundesliga Mitte 2007/2008"]
[Site "Fuerstenfeld"]
[Date "2008.04.05"]
[Round "10"]
[Board "2"]
[White "Kotz, Heinz Peter"]
[Black "Neubauer, Martin"]
[Result "1/2-1/2"]
[WhiteElo "2357"]
[BlackElo "2453"]
[PlyCount "90"]
[EventDate "2007.10.13"]
[EventType "team"]
[EventRounds "11"]
[EventCountry "AUT"]
[WhiteTeam "ESV Austria Graz"]
[BlackTeam "SV ASVOe Raika St Veit/Glan"]

1.e4 Nf6 2.e5 Nd5 3.d4 d6 4.Nf3 dxe5 5.Nxe5 c6 6.Bc4 Nd7 7.Qe2 Nxe5 8.dxe5 Bf5
9.Bb3 e6 10.O-O Bc5 11.Nd2 Qh4 12.Nf3 Qe4 13.Qxe4 Bxe4 14.Re1 Bg6 15.Ng5 O-O-O
16.Ne4 Bxe4 17.Rxe4 Nc3 18.Re1 Ne2+ 19.Kf1 Nxc1 20.Raxc1 Rd2 21.Re2 Rxe2 22.Kxe2
Bd4 23.f4 Bxb2 24.Rd1 g6 25.Kf3 h5 26.Ke4 Rd8 27.Rxd8+ Kxd8 28.g3 Kc7 29.h3 b5
30.c4 Kb6 31.g4 a5 32.cxb5 Kxb5 33.gxh5 gxh5 34.f5 a4 35.Bd1 exf5+ 36.Kxf5 c5
37.Bxh5 c4 38.Ke4 c3 39.Kd3 c2 40.Kxc2 Bxe5 41.Bxf7 Kc5 42.Kd3 Kd6 43.Ke4 Bf6
44.Kf5 Ke7 45.Bc4 a3

[Event "2 Bundesliga Mitte 2007/2008"]
[Site "Fuerstenfeld"]
[Date "2008.04.05"]
[Round "10"]
[Board "3"]
[White "Jurkovic, Hryoje"]
[Black "Aschenbrenner, Robert"]
[Result "1-0"]
[WhiteElo "2443"]
[BlackElo "2304"]
[PlyCount "95"]
[EventDate "2007.10.13"]
[EventType "team"]
[EventRounds "11"]
[EventCountry "AUT"]
[WhiteTeam "SV ASVOe Raika St Veit/Glan"]
[BlackTeam "ESV Austria Graz"]

1.e4 c5 2.c3 d5 3.exd5 Qxd5 4.d4 cxd4 5.cxd4 Nc6 6.Nf3 Bg4 7.Be2 e6 8.Nc3 Qa5
9.h3 Bh5 10.O-O Nf6 11.Be3 Bd6 12.Qb3 Qb4 13.Qd1 Qa5 14.a3 O-O 15.Qb3 Ne7 16.Qb5
Qxb5 17.Nxb5 Bb8 18.g4 Bg6 19.Ne5 a6 20.Nc3 Rd8 21.Bf3 Nfd5 22.Nxg6 hxg6 23.Rac1
Ba7 24.Kg2 Rac8 25.Rfd1 b5 26.Nxd5 Nxd5 27.Kf1 a5 28.Ke2 Rc4 29.Bxd5 exd5 30.b3
Rcc8 31.Kd3 Kf8 32.Bf4 Bb6 33.Bd6+ Ke8 34.Bc5 Bxc5 35.Rxc5 Rxc5 36.dxc5 Kd7
37.Re1 Rh8 38.Re3 Kc6 39.Kd4 b4 40.a4 g5 41.Rf3 Rf8 42.Rf5 f6 43.Rxd5 Rh8
44.Rd6+ Kc7 45.Kc4 Rxh3 46.Rd3 Rh4 47.Kb5 Rxg4 48.c6

[Event "2 Bundesliga Mitte 2007/2008"]
[Site "Fuerstenfeld"]
[Date "2008.04.05"]
[Round "10"]
[Board "4"]
[White "Kubinger, Thomas"]
[Black "Hebesberger, Thomas"]
[Result "0-1"]
[WhiteElo "2177"]
[BlackElo "2349"]
[PlyCount "89"]
[EventDate "2007.10.13"]
[EventType "team"]
[EventRounds "11"]
[EventCountry "AUT"]
[WhiteTeam "ESV Austria Graz"]
[BlackTeam "SV ASVOe Raika St Veit/Glan"]

1.d4 d6 2.g3 g6 3.Bg2 Bg7 4.Nf3 Nf6 5.O-O O-O 6.c4 Nbd7 7.Nc3 e5 8.h3 Re8 9.e4
exd4 10.Nxd4 Nc5 11.Re1 a5 12.Rb1 a4 13.b4 axb3 14.axb3 c6 15.Bb2 Qb6 16.Ba1
Nfd7 17.b4 Rxa1 18.Rxa1 Qxb4 19.Rc1 Bxd4 20.Qxd4 Nb3 21.Rb1 Nxd4 22.Rxb4 Nc2
23.Reb1 Nxb4 24.Rxb4 Nc5 25.Rb1 Be6 26.Rd1 Ra8 27.Rxd6 Bxc4 28.e5 Ra1+ 29.Kh2
Ra3 30.Ne4 Nxe4 31.Rd8+ Kg7 32.Bxe4 Ra5 33.Re8 Be6 34.f4 Ra2+ 35.Kg1 Bxh3 36.Rb8
Ra7 37.Kf2 Be6 38.Bf3 h5 39.Be4 Ra2+ 40.Kg1 Ra3 41.Rxb7 Rxg3+ 42.Kf2 Rc3 43.Rc7
c5 44.Bf3 c4 45.Ke1

[Event "2 Bundesliga Mitte 2007/2008"]
[Site "Fuerstenfeld"]
[Date "2008.04.05"]
[Round "10"]
[Board "5"]
[White "Hoelzl, Franz"]
[Black "Loebler, Heimo"]
[Result "1-0"]
[WhiteElo "2374"]
[BlackElo "2201"]
[PlyCount "105"]
[EventDate "2007.10.13"]
[EventType "team"]
[EventRounds "11"]
[EventCountry "AUT"]
[WhiteTeam "SV ASVOe Raika St Veit/Glan"]
[BlackTeam "ESV Austria Graz"]

1.d4 Nf6 2.Nf3 g6 3.c4 Bg7 4.Nc3 O-O 5.e4 d6 6.Be2 e5 7.O-O Nc6 8.d5 Ne7 9.Bg5
Nh5 10.Ne1 Nf4 11.Nd3 Nxe2+ 12.Qxe2 h6 13.Bd2 f5 14.f3 f4 15.Kh1 h5 16.c5 g5
17.cxd6 cxd6 18.Nf2 Ng6 19.a4 Rf7 20.Nb5 Bf8 21.Rac1 a6 22.Na3 Nh4 23.Rc3 Rg7
24.h3 g4 25.fxg4 hxg4 26.hxg4 f3 27.gxf3 Rh7 28.Kg1 Ng6 29.Nd3 Rh3 30.Qg2 Qh4
31.Be1 Qh6 32.Nc4 Bd7 33.Nb6 Rd8 34.Bg3 Qh8 35.Rfc1 Rh7 36.Nxd7 Rdxd7 37.Rc8
Rdf7 38.Re8 Nf4 39.Bxf4 exf4 40.e5 Rh3 41.e6 Rg3 42.Rcc8 Qd4+ 43.Nf2 Qxd5
44.exf7+ Kg7 45.Ne4 Qd1+ 46.Kh2 Rxg2+ 47.Kxg2 d5 48.Nf2 Qxa4 49.Rxf8 Qd4 50.Rfd8
Kxf7 51.Rc7+ Ke6 52.Rxb7 a5 53.Rb5

[Event "2 Bundesliga Mitte 2007/2008"]
[Site "Fuerstenfeld"]
[Date "2008.04.05"]
[Round "10"]
[Board "6"]
[White "Neubauer, Anton"]
[Black "Mazi, Leon"]
[Result "1/2-1/2"]
[WhiteElo "1947"]
[BlackElo "2348"]
[PlyCount "94"]
[EventDate "2007.10.13"]
[EventType "team"]
[EventRounds "11"]
[EventCountry "AUT"]
[WhiteTeam "ESV Austria Graz"]
[BlackTeam "SV ASVOe Raika St Veit/Glan"]

1.e4 c5 2.c3 Nf6 3.e5 Nd5 4.d4 cxd4 5.cxd4 d6 6.Nf3 Nc6 7.Bc4 Nb6 8.Bb5 dxe5
9.Nxe5 Bd7 10.Nxd7 Qxd7 11.Nc3 Rd8 12.O-O a6 13.Bxc6 Qxc6 14.Be3 e6 15.Qg4 h5
16.Qh4 Be7 17.Qg3 g6 18.h3 Nd5 19.Nxd5 Qxd5 20.Qe5 f6 21.Qxd5 Rxd5 22.Rac1 Kd7
23.Rc2 Rc8 24.Rxc8 Kxc8 25.Rc1+ Kd7 26.Kf1 Rd6 27.Ke2 Rc6 28.Kd3 Rxc1 29.Bxc1
Kc6 30.Bd2 Kd5 31.a4 Bd8 32.f4 Bb6 33.Bc3 Ba7 34.b3 Bb6 35.Bb2 Ba5 36.Bc1 Be1
37.Be3 Bb4 38.Bc1 Bd6 39.Bd2 Ba3 40.Be3 Bb2 41.Bf2 Bc1 42.Bh4 f5 43.Bg5 Ba3
44.Bf6 Bd6 45.Bg5 Bf8 46.Bf6 Bd6 47.Bg5 Bf8

[Event "2 Bundesliga Mitte 2007/2008"]
[Site "Fuerstenfeld"]
[Date "2008.04.06"]
[Round "11"]
[Board "2"]
[White "Bukal, Vladimir Jun"]
[Black "Kuba, Guenter"]
[Result "0-1"]
[WhiteElo "2441"]
[BlackElo "2396"]
[PlyCount "82"]
[EventDate "2007.10.13"]
[EventType "team"]
[EventRounds "11"]
[EventCountry "AUT"]
[WhiteTeam "SpG Raika Alpine Trofaiach"]
[BlackTeam "SK Sparkasse Fuerstenfeld"]

1.d4 d5 2.c4 e6 3.Nc3 Nf6 4.cxd5 exd5 5.Bg5 Be7 6.Qc2 c6 7.e3 Nbd7 8.Bd3 Nh5
9.Bxe7 Qxe7 10.Nge2 g6 11.O-O-O Nb6 12.Kb1 Ng7 13.Ng3 Be6 14.Na4 Nxa4 15.Qxa4 a5
16.Rc1 Bd7 17.h4 h5 18.Qb3 O-O 19.e4 dxe4 20.Bxe4 Be6 21.Qe3 f5 22.d5 f4 23.Qd3
cxd5 24.Bxg6 fxg3 25.Qxg3 Qf6 26.Rc7 Qxg6+ 27.Qxg6 Bf5+ 28.Qxf5 Rxf5 29.Rd1 Rxf2
30.Rxd5 Rxg2 31.Rxb7 a4 32.a3 Rg4 33.Ka2 Rf8 34.Rb4 Rff4 35.Rb8+ Kh7 36.Rb7 Kg6
37.Rdd7 Ne6 38.Rd6 Re4 39.Re7 Kf6 40.Rh7 Rxh4 41.Rh6+ Kf5